Entry Personal Name
Number of records used in: 1
001 - CONTROL NUMBER
003 - CONTROL NUMBER IDENTIFIER
005 - DATE AND TIME OF LATEST TRANSACTION
- control field:
20231121142523.0
008 - FIXED-LENGTH DATA ELEMENTS
- fixed length control field:
850729n| acannaab| |n aaa |||
010 ## - LIBRARY OF CONGRESS CONTROL NUMBER
- LC control number:
n 85120500
040 ## - CATALOGING SOURCE
- Original cataloging agency:
DLC
- Transcribing agency:
DLC
- Modifying agency:
DLC
100 10 - HEADING--PERSONAL NAME
- Personal name:
Richardson, Thomas,
- Dates associated with a name:
1931-
670 ## - SOURCE DATA FOUND
- Source citation:
Chemical changes in food, 1985:
- Information found:
CIP t.p. (Thomas R. Richardson; Dept. of Food Science, Univ. of Wis., Madison) bk. t.p. (Thomas Richardson)
670 ## - SOURCE DATA FOUND
- Source citation:
Am. men & women of science, 1982
- Information found:
(Thomas Richardson; b. 12-4-31)